Quirologia / Orencia Colomar
Descripción Física:
247 p. ; 18 cm
Materias:
Quiromància
MARC
| LEADER | 00000nam a2200000Ia 4500 | ||
|---|---|---|---|
| 001 | 9616 | ||
| 008 | 160829s1985 xx 000 0 cat d | ||
| 080 | |a F-1-60 | ||
| 100 | |a Colomar, Orencia |9 24359 | ||
| 245 | |a Quirologia / Orencia Colomar | ||
| 260 | |a Barcelona : |b Plaza y Janés, |c 1985 | ||
| 300 | |a 247 p. ; |c 18 cm | ||
| 590 | |a Amb dedicatòria autògrafa de l'autora a l'Arxiu | ||
| 650 | |a Quiromància |9 24361 | ||
| 901 | |a Arxiu | ||
| 942 | |n 1 | ||
| 952 | |0 0 |1 0 |4 0 |6 F160 |7 1 |9 43108 |a Arxiu |b Arxiu |d 2016-12-01 |l 0 |o F-1-60 |p 9616 |r 2016-12-01 00:00:00 |w 2016-12-01 |y ARXIU | ||
| 999 | |c 45652 |d 45652 | ||